000 00540cam a2200205ua 4500
001 10350
008 180504n ii |||gr||||Z||||||eng
020 _a9788120329553
040 _cMAIN
041 _aeng
082 _a005.43
100 _aTanenbaum, Andrew S.,
_eAuthor.
245 _aOperating systems
_bdesign and implementation
250 _a3rd ed.
260 _aNew Delhi:
_bPrentice hall,
_c2008.
300 _a1061p.
653 _aComputer programming, programs & data
700 _aWoodhull, Albert S.,
_eAuthor.
942 _cBK
999 _c9340
_d9340